header

Engaged with the arts (Record no. 114485)

MARC details
000 -LEADER
fixed length control field 01115nam a2200277Ia 4500
100 1# - MAIN ENTRY--AUTHOR NAME
Personal name Tusa, John.
245 10 - TITLE STATEMENT
Title Engaged with the arts
260 ## - PUBLICATION, DISTRIBUTION, ETC. (IMPRINT)
Place of publication London ;
-- New York :
Name of publisher I.B. Tauris ;
Place of publication New York :
Name of publisher Distributed in the USA by Palgrave Macmillan,
Year of publication 2007.
300 ## - PHYSICAL DESCRIPTION
Number of Pages vi, 223 p.
650 #0 - SUBJECT ADDED ENTRY--TOPICAL TERM
Topical Term Arts
Topical Term Humanities
856 40 - ELECTRONIC LOCATION AND ACCESS
Uniform Resource Identifier http://site.ebrary.com/lib/rucke/Doc?id=10194035

No items available.

© 2026 Rongo University
Contact us: librarian | system librarian | Rongo university